000 00680nam a2200193 a 4500
001 000045016
005 20201002045816.0
008 150129s1994 dr a 000 0 spa d
040 _aDO-SdBNP
_bspa
_cBNPHU
082 _axxxx
_bxxxx
100 1 _aAmicis, Edmundo, de,
_d1846-1908.
_924451
245 1 0 _aCorazón /
_cEdmondo de Amicis ; ilustraciones A. Centeno ; versión Carolina Carlín.
260 _aSanto Domingo :
_bTobogán,
_c1994.
300 _a111 p. :
_bil. ;
_c23 cm.
490 1 _aClásicos universales
500 _aIncluye datos biográficos del autor en la solapa de la contracubierta
700 1 _aCenteno, A.
_eilu.
_915182
830 0 _aClásicos universales
_9266
999 _c44505
_d44505